| 000 | 00772nas a2200253 4500 | ||
|---|---|---|---|
| 001 | BR9902639 | ||
| 003 | BR-BrBNA | ||
| 005 | 20231205101423.0 | ||
| 007 | ta | ||
| 008 | 230509b bl.|||p| |||| 00| 00por d | ||
| 040 |
_aBR-BrBNA _bpor _cBiblioteca Nacional de Agricultura |
||
| 041 | _a(Pt) | ||
| 072 | _aF30; U10 | ||
| 100 | 1 | _aBrunoro, J.A.B. | |
| 100 | 1 | _aLeite, C.A.M. | |
| 245 | 1 | _aEscolha otima de variedades de cana-de-acucar por meio da programacao matematica | |
| 650 | _aCana de Acucar | ||
| 650 | _aVariedade | ||
| 650 | _aProgramacao Linear | ||
| 650 | _aCusto de Producao | ||
| 773 | 0 |
_tRevista Ceres (Brazil) _xISSN 0034-737X _g(Mar-Apr 1999), v. 46(264) p. 111-124 _wBR9902639 |
|
| 909 |
_a202311 _bLúcia _c55 _dLúcia Elande |
||
| 942 |
_2AGRIS _n0 _cANA |
||
| 999 |
_c161724 _d161724 |
||